00805nam a2200169 a 450000100100000000500170001000800410002704000250006808200170009311101220011024501600023226000360039230000360042870000410046470000420050571000880054700004455220250701130548.0140714s2012 dr ac 000 0 spa d aDO-SdBNPbspacBNPHU a001.42bO21i2 aCongreso internacional interdisciplinario de investigación científican(7mo. :d14-15 de jun 2012cSanto Domingo)10aVIII congreso internacional interdisciplinario de investigación científica /ceditores ; Carlos Ml. Rodríguez Peña, Plácido F. Gómez Ramírez. aSanto Domingo :bMESCYT,c2012. a136 p. :bil., retrs. ;c28 cm.12aRodríguez Peña, Carlos Ml.,eed.12aGómez Ramírez, Plácido F.,eed.1 aRepública Dominicana.bMinisterio de Educación Superior, Ciencia y Tecnología